000 00640nam a2200205 a 4500
001 52678
003 BD-RjUL
005 20211209075837.0
008 161206s1998 ir ||||| |||| 00| 0 eng d
035 _a(BD-RjUL)52798
040 _aBD-RjUL
_beng
_cBD-RjUL
_dBD-RjUL
041 _aeng
082 _223
_a297.72
_bMUJ 1998
100 _aMutahhari, Ayatullah Morteza
_9157549
245 1 0 _aJihad :
_b(the Holy War in Islam and its legitimacy in the Quran) /
_cby Ayatullah Morteza Mutahhari
260 _aIran :
_bIslamic Culture and Relation Organization,
_c1998.
300 _a127 p. ;
_c16 cm.
650 _aJihad
_9119787
942 _2ddc
_cBK
999 _c52678
_d52678